[Event "Michigan Amateur op"]
[Site "Kalamazoo"]
[Date "2004.10.24"]
[Round "5"]
[White "Thach, Scott"]
[Black "Semerciyan, Mike"]
[Result "1/2-1/2"]
[WhiteElo "1703"]
[BlackElo "1828"]
[PlyCount "43"]
[EventDate "2004.10.23"]
[EventType "swiss"]
[EventRounds "5"]
[EventCountry "USA"]
[SourceTitle "EXT 2007"]
[Source "ChessBase"]
[SourceDate "2006.11.23"]
[SourceVersion "1"]
[SourceVersionDate "2006.11.23"]
[SourceQuality "1"]

1. e4 c6 2. d4 d5 3. Nd2 g6 4. f4 dxe4 5. Nxe4 Bg7 6. c3 Nf6 7. Ng3 h5 8. Bc4 h4 9. N3e2 b5 10. Bb3 h3 11. g3 c5 12. Nf3 Bb7 13. Neg1 c4 14. Bc2 e6 15. Qe2 Kf8 16. b3 Bd5 17. Ba3+ Kg8 18. Qf1 Ng4 19. Qe2 f5 20. Ng5 Qd7 21. N1f3 Nh6 22. Rg1 1/2-1/2

[Event "Michigan Amateur op"]
[Site "Kalamazoo"]
[Date "2004.10.23"]
[Round "3"]
[White "Evans, Thomas L"]
[Black "Semerciyan, Mike"]
[Result "1-0"]
[WhiteElo "1906"]
[BlackElo "1828"]
[PlyCount "93"]
[EventDate "2004.10.23"]
[EventType "swiss"]
[EventRounds "5"]
[EventCountry "USA"]
[SourceTitle "EXT 2007"]
[Source "ChessBase"]
[SourceDate "2006.11.23"]
[SourceVersion "1"]
[SourceVersionDate "2006.11.23"]
[SourceQuality "1"]

1. e4 c6 2. d4 d5 3. e5 Bf5 4. Bd3 Bxd3 5. Qxd3 e6 6. Nf3 Nd7 7. Be3 h6 8. Nbd2 Ne7 9. Nb3 Nf5 10. 0-0 Nxe3 11. fxe3 Be7 12. e4 dxe4 13. Qxe4 0-0 14. Rad1 a5 15. Nc1 Nb6 16. c3 a4 17. Nd3 Qd5 18. Qxd5 cxd5 19. a3 Nc4 20. Rf2 Ra6 21. Re2 Rb6 22. h3 Rc6 23. Kf2 b5 24. g4 f6 25. exf6 Bxf6 26. Nb4 Rd6 27. Kg3 Bd8 28. Ne5 Bc7 29. Nbd3 Rc6 30. h4 Nxe5 31. Nxe5 Rf6 32. g5 hxg5 33. hxg5 Rf5 34. Kg4 Bxe5 35. dxe5 Kf7 36. Rxd5 Rxg5+ 37. Kxg5 exd5 38. Kf5 Rh6 39. Rf2 Ke7 40. Rg2 Rh5+ 41. Kf4 Rh4+ 42. Kg5 Re4 43. Kf5 Kf8 44. Ke6 Re1 45. Kxd5 Rd1+ 46. Kc5 Re1 47. Rg5 1-0

[Event "Michigan Amateur op"]
[Site "Kalamazoo"]
[Date "2004.10.23"]
[Round "2"]
[White "Semerciyan, Mike"]
[Black "Basa, Marvin"]
[Result "1-0"]
[WhiteElo "1828"]
[BlackElo "1504"]
[PlyCount "65"]
[EventDate "2004.10.23"]
[EventType "swiss"]
[EventRounds "5"]
[EventCountry "USA"]
[SourceTitle "EXT 2007"]
[Source "ChessBase"]
[SourceDate "2006.11.23"]
[SourceVersion "1"]
[SourceVersionDate "2006.11.23"]
[SourceQuality "1"]

1. c4 e5 2. Nc3 Bc5 3. e3 Nc6 4. Nf3 Nf6 5. d4 exd4 6. exd4 Bb4 7. d5 Qe7+ 8. Be2 Ne5 9. 0-0 Bd6 10. Nb5 h6 11. Nfd4 g6 12. Nxd6+ Qxd6 13. f4 Nxc4 14. Bxc4 0-0 15. Nf3 Kg7 16. Qd4 Kh7 17. Bd2 Ng8 18. Bc3 f6 19. Kh1 h5 20. Rae1 Nh6 21. Bd3 a5 22. Nh4 c5 23. dxc6 Qxd4 24. Bxd4 dxc6 25. Bxg6+ Kg7 26. Re7+ Nf7 27. Bxh5 b5 28. f5 b4 29. Rf3 Rh8 30. Rxf7+ Kh6 31. g4 Rg8 32. Be3+ Rg5 33. Rxf6+ 1-0

[Event "Kalamazoo op"]
[Site "Kalamazoo"]
[Date "2003.10.26"]
[Round "4.5"]
[White "Jendras, Gerard"]
[Black "Semerciyan, Mike"]
[Result "1/2-1/2"]
[WhiteElo "1912"]
[BlackElo "1801"]
[PlyCount "79"]
[EventDate "2003.10.25"]
[EventType "swiss"]
[EventRounds "5"]
[EventCountry "USA"]
[SourceTitle "EXT 2007"]
[Source "ChessBase"]
[SourceDate "2006.11.23"]
[SourceVersion "1"]
[SourceVersionDate "2006.11.23"]
[SourceQuality "1"]

1. e4 c5 2. Nf3 Nc6 3. d4 cxd4 4. Nxd4 d6 5. Nc3 Nf6 6. Bg5 e6 7. f4 Be7 8. Bb5 Bd7 9. Qd2 0-0 10. 0-0-0 Ne8 11. Bxe7 Qxe7 12. g4 Nxd4 13. Bxd7 Qxd7 14. Qxd4 a6 15. g5 Qe7 16. h4 f5 17. gxf6 Qxf6 18. Ne2 Qxd4 19. Rxd4 Rc8 20. Rf1 Rc5 21. Ng3 e5 22. fxe5 Rxf1+ 23. Nxf1 Rxe5 24. Ng3 g6 25. Kd2 Kf7 26. Ke3 h6 27. Rd5 Ke6 28. Ne2 Rxd5 29. exd5+ Kf5 30. Kf3 Nf6 31. c4 Ke5 32. Ke3 g5 33. hxg5 hxg5 34. Ng3 b5 35. b3 bxc4 36. bxc4 a5 37. Ne2 Ne4 38. Nd4 a4 39. Nc6+ Kf5 40. Nd4+ 1/2-1/2

[Event "Kalamazoo op"]
[Site "Kalamazoo"]
[Date "2003.10.25"]
[Round "2.17"]
[White "Thach, Scott"]
[Black "Semerciyan, Mike"]
[Result "1/2-1/2"]
[WhiteElo "1416"]
[BlackElo "1801"]
[PlyCount "152"]
[EventDate "2003.10.25"]
[EventType "swiss"]
[EventRounds "5"]
[EventCountry "USA"]
[SourceTitle "EXT 2007"]
[Source "ChessBase"]
[SourceDate "2006.11.23"]
[SourceVersion "1"]
[SourceVersionDate "2006.11.23"]
[SourceQuality "1"]

1. e4 c5 2. Nf3 Nc6 3. Bb5 a6 4. Bxc6 dxc6 5. 0-0 g6 6. Nc3 Bg7 7. Ne2 Bg4 8. Ng3 Qd6 9. h3 Bd7 10. Re1 e5 11. d3 Ne7 12. Be3 0-0 13. Qd2 f5 14. exf5 gxf5 15. Bg5 h6 16. Bxe7 Qxe7 17. Rab1 Rae8 18. Re2 f4 19. Ne4 Be6 20. b3 b6 21. Rbe1 Bd5 22. Qd1 Kh8 23. Ned2 Qc7 24. c3 Bf7 25. Qc1 Bh5 26. Kh1 a5 27. Kg1 b5 28. c4 b4 29. a4 Bg6 30. Ne4 Qe7 31. Qd1 Bh5 32. Rd2 Rg8 33. Kh2 Bf8 34. Rg1 Rd8 35. Qe2 Re8 36. Qd1 Qg7 37. g4 fxg3+ 38. Rxg3 Qf7 39. Rxg8+ Kxg8 40. Qg1+ Kh8 41. Ne1 Qf4+ 42. Qg3 Be7 43. Ng2 Qxg3+ 44. fxg3 Rd8 45. Ne1 Bg6 46. Re2 Kg7 47. Re3 Rf8 48. Kg2 h5 49. h4 Bxe4+ 50. Rxe4 Bf6 51. Nf3 Rd8 52. Re3 Kg6 53. Nxe5+ Bxe5 54. Rxe5 Rxd3 55. Rxc5 Rxb3 56. Rxc6+ Kf7 57. Rc5 Rc3 58. Rxa5 Rxc4 59. Rxh5 Rc2+ 60. Kh3 b3 61. Rb5 b2 62. a5 Rc5 63. Rxb2 Rxa5 64. Rg2 Kg6 65. g4 Ra3+ 66. Rg3 Ra1 67. h5+ Kg5 68. Rd3 Rh1+ 69. Kg2 Ra1 70. Re3 Kxg4 71. h6 Ra8 72. Re1 Rh8 73. Rh1 Kg5 74. h7 Kg6 75. Kf3 Rxh7 76. Rxh7 Kxh7 1/2-1/2

[Event "Kalamazoo op1"]
[Site "Kalamazoo"]
[Date "2003.09.01"]
[Round "6.14"]
[White "Semerciyan, Mike"]
[Black "Garrison, Ray"]
[Result "0-1"]
[WhiteElo "1807"]
[BlackElo "1857"]
[PlyCount "59"]
[EventDate "2003.08.29"]
[EventType "swiss"]
[EventRounds "7"]
[EventCountry "USA"]
[SourceTitle "EXT 2007"]
[Source "ChessBase"]
[SourceDate "2006.11.23"]
[SourceVersion "1"]
[SourceVersionDate "2006.11.23"]
[SourceQuality "1"]

1. c4 f5 2. Nc3 Nf6 3. d4 g6 4. g3 Bg7 5. Bg2 0-0 6. Nf3 d6 7. 0-0 Nc6 8. d5 Ne5 9. Nxe5 dxe5 10. e4 f4 11. gxf4 exf4 12. e5 Ng4 13. e6 Ne5 14. Be4 Nxc4 15. f3 Qd6 16. Kh1 a6 17. Rb1 Kh8 18. b3 Ne3 19. Bxe3 fxe3 20. Qd3 Bxe6 21. Qxe3 Bh3 22. Rg1 Qf4 23. Qd3 Qe5 24. Rb2 Qf6 25. Rc2 Bf5 26. Nd1 Bxe4 27. fxe4 Qf3+ 28. Qxf3 Rxf3 29. Re1 Raf8 30. Kg2 0-1